[Event "XVI Calvia Amateur Open 2019"]
[Site "Calvia"]
[Date "2019.10.13"]
[Round "9.2"]
[White "Mazanek, Kamil"]
[Black "Reichmann, Hendrik"]
[Result "0-1"]
[WhiteElo "2077"]
[BlackElo "2341"]
[Annotator "NA"]
[PlyCount "64"]
[EventDate "2019.10.05"]
[EventType "swiss"]
[EventCountry "ESP"]
[SourceTitle "playchess.com"]
[Source "ChessBase"]
[SourceQuality "1"]
[TimeControl "40/5400+30:900+30"]

1. e4 {[%emt 0:00:00]} g6 {[%emt 0:00:00]} 2. d4 {[%emt 0:00:00]} Bg7 {[%emt 0:00:00]} 3. Bc4 {[%emt 0:05:42]} d6 {[%emt 0:00:24]} 4. Nc3 {[%emt 0:00:30]} Nc6 {[%emt 0:00:30]} 5. Be3 {[%emt 0:00:30]} Nf6 {[%emt 0:00:30]} 6. f3 {[%emt 0:00:30]} O-O {[%emt 0:00:30]} 7. Nge2 {[%emt 0:00:30]} e6 {[%emt 0:00:30]} 8. g3 {[%emt 0:00:30]} d5 {[%emt 0:00:30]} 9. exd5 {[%emt 0:00:30]} exd5 {[%emt 0:00:30]} 10. Bd3 {[%emt 0:00:30]} Re8 {[%emt 0:00:30]} 11. Qd2 {[%emt 0:00:30]} Ne7 {[%emt 0:00:30]} 12. g4 {[%emt 0:00:30]} a6 {[%emt 0:00:30]} 13. h3 {[%emt 0:00:30]} c5 {[%emt 0:00:30]} 14. dxc5 {[%emt 0:00:30]} Nc6 {[%emt 0:00:30]} 15. Bf4 {[%emt 0:00:30]} Nd4 {[%emt 0:00:30]} 16. O-O {[%emt 0:00:30]} Ne6 {[%emt 0:00:30]} 17. Bd6 {[%emt 0:00:30]} b6 {[%emt 0:00:30]} 18. Na4 {[%emt 0:00:30]} bxc5 {[%emt 0:00:30]} 19. Bxc5 {[%emt 0:00:30]} Nxc5 {[%emt 0:00:30]} 20. Nxc5 {[%emt 0:00:30]} Qc7 {[%emt 0:00:30]} 21. Nb3 {[%emt 0:00:30]} Ne4 {[%emt 0:00:30]} 22. Qa5 {[%emt 0:00:30]} Qxa5 {[%emt 0:00:30]} 23. Nxa5 {[%emt 0:00:30]} Nc5 {[%emt 0:00:30]} 24. Nc3 {[%emt 0:00:30]} Be6 {[%emt 0:00:30]} 25. Rab1 {[%emt 0:00:30]} Rab8 {[%emt 0:00:30]} 26. Rfe1 {[%emt 0:00:30]} Rxb2 {[%emt 0:00:30]} 27. Ne2 {[%emt 0:00:30]} Reb8 {[%emt 0:00:30]} 28. Rxb2 {[%emt 0:00:30]} Rxb2 {[%emt 0:00:30]} 29. Nc6 {[%emt 0:00:30]} Rxa2 {[%emt 0:00:30]} 30. f4 {[%emt 0:00:30]} Ra3 {[%emt 0:00:30]} 31. Ned4 {[%emt 0:00:30]} Bd7 {[%emt 0:00:30]} 32. Nb8 {[%emt 0:00:30]} Bxd4+ {[%emt 0:00:30]} 0-1

[Event "XVI Calvia Amateur Open 2019"]
[Site "Calvia"]
[Date "2019.10.13"]
[Round "9.3"]
[White "Scherer, Helmut"]
[Black "Jekabsons, Ivars"]
[Result "1/2-1/2"]
[WhiteElo "2278"]
[BlackElo "2119"]
[Annotator "NA"]
[PlyCount "89"]
[EventDate "2019.10.05"]
[EventType "swiss"]
[EventCountry "ESP"]
[SourceTitle "playchess.com"]
[Source "ChessBase"]
[SourceQuality "1"]
[TimeControl "40/5400+30:900+30"]

1. e4 {[%emt 0:00:00]} c5 {[%emt 0:00:00]} 2. Nf3 {[%emt 0:00:16]} Nc6 {[%emt 0:00:00]} 3. Bb5 {[%emt 0:01:08]} g6 {[%emt 0:00:14]} 4. c3 {[%emt 0:00:41]} Nf6 {[%emt 0:04:06]} 5. Qe2 {[%emt 0:02:12]} Qb6 {[%emt 0:08:03]} 6. Ba4 {[%emt 0:03:37]} Bg7 {[%emt 0:03:32]} 7. h3 {[%emt 0:06:46]} O-O {[%emt 0:03:03]} 8. O-O {[%emt 0:04:24]} d6 {[%emt 0:07:34]} 9. Rd1 {[%emt 0:12:26]} e5 {[%emt 0:07:36]} 10. d3 {[%emt 0:04:43]} Bd7 {[%emt 0:02:56]} 11. Bb3 {[%emt 0:01:03]} a5 {[%emt 0:07:46]} 12. Na3 a4 {[%emt 0:00:14]} 13. Bc4 {[%emt 0:08:30]} Rfe8 {[%emt 0:15:36]} 14. Bg5 {[%emt 0:08:11]} h6 {[%emt 0:00:30]} 15. Bxf6 {[%emt 0:00:30]} Bxf6 {[%emt 0:00:30]} 16. Bd5 {[%emt 0:00:30]} Ne7 {[%emt 0:00:30]} 17. Nc4 {[%emt 0:00:30]} Qc7 {[%emt 0:00:30]} 18. Ne3 {[%emt 0:00:30]} Be6 {[%emt 0:00:30]} 19. c4 {[%emt 0:00:30]} Bxd5 {[%emt 0:00:30]} 20. cxd5 {[%emt 0:00:30]} h5 {[%emt 0:00:30]} 21. g4 {[%emt 0:00:30]} hxg4 {[%emt 0:00:30]} 22. hxg4 {[%emt 0:00:30]} Nc8 {[%emt 0:00:30]} 23. g5 {[%emt 0:00:30]} Be7 {[%emt 0:00:30]} 24. Qf1 {[%emt 0:00:30]} Kg7 {[%emt 0:00:30]} 25. Qg2 {[%emt 0:00:30]} Rh8 {[%emt 0:00:30]} 26. Qg3 {[%emt 0:00:30]} Rh5 {[%emt 0:00:30]} 27. Kg2 {[%emt 0:00:30]} Nb6 {[%emt 0:00:30]} 28. Rh1 {[%emt 0:00:30]} Rah8 {[%emt 0:00:30]} 29. b3 {[%emt 0:00:30]} Qd8 {[%emt 0:00:30]} 30. Rxh5 {[%emt 0:00:30]} Rxh5 {[%emt 0:00:30]} 31. Rh1 {[%emt 0:00:30]} Rxh1 {[%emt 0:00:30]} 32. Kxh1 {[%emt 0:00:30]} axb3 {[%emt 0:00:30]} 33. axb3 {[%emt 0:00:30]} Nd7 {[%emt 0:00:30]} 34. Kg2 {[%emt 0:00:30]} Nf8 {[%emt 0:00:30]} 35. Ng4 {[%emt 0:00:30]} Nh7 {[%emt 0:00:30]} 36. Nfxe5 {[%emt 0:00:30]} dxe5 {[%emt 0:00:30]} 37. Qxe5+ {[%emt 0:00:30]} f6 {[%emt 0:00:30]} 38. gxf6+ {[%emt 0:00:30]} Nxf6 {[%emt 0:00:30]} 39. Ne3 {[%emt 0:00:30]} Qd6 {[%emt 0:00:30]} 40. Qg5 {[%emt 0:00:30]} Qd8 {[%emt 0:00:30]} 41. d6 {[%emt 0:15:30]} Bxd6 {[%emt 0:15:30]} 42. e5 {[%emt 0:00:30]} Bxe5 {[%emt 0:00:30]} 43. Qxe5 {[%emt 0:00:30]} b6 {[%emt 0:00:30]} 44. Ng4 {[%emt 2:18:14]} Kf7 {[%emt 0:00:01]} 45. Ne3 {[%emt 0:00:05]} 1/2-1/2

[Event "XVI Calvia Amateur Open 2019"]
[Site "Calvia"]
[Date "2019.10.13"]
[Round "9.4"]
[White "Hristodorescu, Daniel"]
[Black "Borovnica, Tihomir"]
[Result "1/2-1/2"]
[WhiteElo "2102"]
[BlackElo "2231"]
[Annotator "NA"]
[PlyCount "23"]
[EventDate "2019.10.05"]
[EventType "swiss"]
[EventCountry "ESP"]
[SourceTitle "playchess.com"]
[Source "ChessBase"]
[SourceQuality "1"]
[TimeControl "40/5400+30:900+30"]

1. e4 {[%emt 0:00:00]} e6 {[%emt 0:00:00]} 2. d4 {[%emt 0:00:00]} d5 {[%emt 0:00:00]} 3. Nc3 {[%emt 0:00:00]} Bb4 {[%emt 0:00:00]} 4. exd5 exd5 {[%emt 0:00:00]} 5. Bd3 {[%emt 0:00:16]} Nc6 {[%emt 0:00:11]} 6. Nge2 {[%emt 0:12:40]} Nge7 {[%emt 0:00:30]} 7. O-O {[%emt 0:00:30]} Bf5 {[%emt 0:00:30]} 8. Bg5 {[%emt 0:00:30]} Qd7 {[%emt 0:00:30]} 9. a3 {[%emt 0:00:30]} Bxc3 {[%emt 0:00:30]} 10. Nxc3 {[%emt 0:00:30]} Bxd3 {[%emt 0:00:30]} 11. Qxd3 {[%emt 0:00:30]} O-O {[%emt 0:00:30]} 12. Bxe7 {[%emt 0:00:30]} 1/2-1/2

[Event "XVI Calvia Amateur Open 2019"]
[Site "Calvia"]
[Date "2019.10.13"]
[Round "9.6"]
[White "Thakoerdien, Jerrel"]
[Black "Amengual Perello, Jordi"]
[Result "1/2-1/2"]
[WhiteElo "2149"]
[BlackElo "2087"]
[Annotator "NA"]
[PlyCount "121"]
[EventDate "2019.10.05"]
[EventType "swiss"]
[EventCountry "ESP"]
[SourceTitle "playchess.com"]
[Source "ChessBase"]
[SourceQuality "1"]
[TimeControl "40/5400+30:900+30"]

1. d4 {[%emt 0:00:00]} Nf6 {[%emt 0:00:00]} 2. Nf3 {[%emt 0:00:00]} e6 {[%emt 0:00:47]} 3. g3 {[%emt 0:00:00]} d5 {[%emt 0:03:21]} 4. Bg2 {[%emt 0:00:39]} Be7 {[%emt 0:03:21]} 5. O-O {[%emt 0:00:32]} O-O {[%emt 0:00:13]} 6. c4 {[%emt 0:00:50]} dxc4 {[%emt 0:05:37]} 7. Qc2 {[%emt 0:13:33]} b5 {[%emt 0:01:56]} 8. a4 {[%emt 0:05:48]} b4 {[%emt 0:00:33]} 9. Qxc4 {[%emt 0:01:41]} Ba6 {[%emt 0:00:19]} 10. Qc2 {[%emt 0:00:52]} Nbd7 {[%emt 0:00:23]} 11. Re1 {[%emt 0:09:34]} c5 {[%emt 0:00:48]} 12. b3 {[%emt 0:02:10]} Rc8 {[%emt 0:00:52]} 13. Qa2 {[%emt 0:05:14]} c4 {[%emt 0:03:22]} 14. bxc4 {[%emt 0:00:45]} Bxc4 {[%emt 0:00:08]} 15. Qb2 {[%emt 0:00:13]} a5 {[%emt 0:02:49]} 16. Nbd2 {[%emt 0:03:53]} Bd5 {[%emt 0:01:21]} 17. e4 {[%emt 0:02:47]} Bc6 {[%emt 0:00:22]} 18. d5 {[%emt 0:05:02]} exd5 {[%emt 0:04:09]} 19. e5 {[%emt 0:02:16]} Ne4 {[%emt 0:00:52]} 20. Nd4 {[%emt 0:05:28]} Ndc5 {[%emt 0:03:41]} 21. Nxc6 {[%emt 0:03:09]} Rxc6 {[%emt 0:00:23]} 22. Bf1 {[%emt 0:03:17]} Nc3 {[%emt 0:01:52]} 23. Qc2 {[%emt 0:01:45]} Qb6 {[%emt 0:02:19]} 24. Bb2 {[%emt 0:03:22]} N5xa4 {[%emt 0:04:11]} 25. Rxa4 {[%emt 0:00:58]} b3 {[%emt 0:00:20]} 26. Qd3 {[%emt 0:06:12]} Nxa4 {[%emt 0:00:38]} 27. Bd4 {[%emt 0:00:13]} Bc5 {[%emt 0:02:27]} 28. Nxb3 {[%emt 0:01:17]} Bxd4 {[%emt 0:00:13]} 29. Nxd4 {[%emt 0:00:03]} Rc3 {[%emt 0:01:22]} 30. Qd1 {[%emt 0:00:16]} Qb4 {[%emt 0:02:47]} 31. e6 {[%emt 0:03:40]} Nb2 {[%emt 0:23:02]} 32. Qg4 {[%emt 0:06:31]} fxe6 {[%emt 0:10:57]} 33. Qxe6+ {[%emt 0:04:15]} Kh8 {[%emt 0:00:08]} 34. Qe5 {[%emt 0:00:56]} Nd3 {[%emt 0:01:32]} 35. Bxd3 {[%emt 0:02:23]} Rxd3 {[%emt 0:00:24]} 36. Ne6 {[%emt 0:00:19]} Rg8 {[%emt 0:01:48]} 37. Ng5 {[%emt 0:00:37]} Rf8 {[%emt 0:02:46]} 38. Ne6 {[%emt 0:01:02]} Rf6 {[%emt 0:01:30]} 39. Rc1 {[%emt 0:04:57]} h6 {[%emt 0:09:50]} 40. Qc7 {[%emt 0:00:00]} Rxe6 {[%emt 0:00:00]} 41. Qc8+ {[%emt 0:02:31]} Kh7 {[%emt 0:08:22]} 42. Qxe6 {[%emt 0:00:07]} Qe4 {[%emt 0:04:13]} 43. Qxe4+ {[%emt 0:00:34]} dxe4 {[%emt 0:00:03]} 44. Rc4 {[%emt 0:08:31]} e3 {[%emt 0:00:21]} 45. fxe3 {[%emt 0:00:31]} Rxe3 {[%emt 0:00:02]} 46. Rc5 {[%emt 0:03:27]} Ra3 {[%emt 0:00:51]} 47. Kf2 {[%emt 0:00:41]} g5 {[%emt 0:01:04]} 48. h3 {[%emt 0:01:00]} a4 {[%emt 0:01:09]} 49. Ra5 {[%emt 0:00:19]} Ra2+ {[%emt 0:00:42]} 50. Kf3 {[%emt 0:00:09]} Ra3+ {[%emt 0:00:21]} 51. Kg4 {[%emt 0:01:02]} Kg7 {[%emt 0:03:21]} 52. Ra7+ {[%emt 0:00:19]} Kg6 {[%emt 0:00:12]} 53. Ra6+ {[%emt 0:00:04]} Kg7 {[%emt 0:00:11]} 54. Ra7+ {[%emt 0:00:04]} Kf8 {[%emt 0:00:32]} 55. Rh7 {[%emt 0:01:32]} Ra1 {[%emt 0:00:18]} 56. Rxh6 {[%emt 0:00:18]} a3 {[%emt 0:00:04]} 57. Ra6 {[%emt 0:01:33]} a2 {[%emt 0:00:17]} 58. Ra7 {[%emt 0:00:29]} Kg8 {[%emt 0:00:26]} 59. Kh5 {[%emt 0:01:17]} Rg1 {[%emt 0:01:09]} 60. Rxa2 {[%emt 0:00:18]} Rxg3 {[%emt 0:00:02]} 61. Kg6 {[%emt 0:00:22]} 1/2-1/2